000
00255nam a2200097Ia 4500
008
230915s9999 xx 000 0 und d
050
_a
HB 171.5 .M36 2004
100
_a
MANKIW,GREGORY N.
245
0
_a
SELECTED CHAPTERS OF ECONOMICS AND SOCIETY
942
_c
BK
999
_c
73546
_d
73546